| 000 | 01088nam a2200253 i 4500 | ||
|---|---|---|---|
| 001 | 6291 | ||
| 003 | ES-MaACL | ||
| 005 | 20250819061545.0 | ||
| 007 | t| | ||
| 008 | 890920s1974 lh |||| | spa d | ||
| 080 | _a05(72) | ||
| 080 | _a8(05)(725.2) | ||
| 245 | 0 | 0 |
_aRomance _b: revista popular hispanoamericana : México, 1 de febrero 1940-31 de mayo 1941 : números 1-24 / _cintroducción de Antonio Sánchez-Barbudo ; índice general y de autores preparado por Francisco Caudet. |
| 260 |
_aNendeln, Liechtenstein : _bDetlev Auvermann, _c1974. |
||
| 300 |
_a1 v. (pag. var.) ; _c48 cm. |
||
| 490 | 1 |
_aBiblioteca del 36. Revistas en la Segunda República Española ; _v2 |
|
| 534 |
_pReprod. facs. de la revista mensual: _aRomance, _c: Mexico D.F., 1940-1941. |
||
| 630 | 0 | 4 |
_aRomance (México)- _vFacsímiles. _9167888 |
| 700 | 1 |
_aSánchez Barbudo, Antonio. _9102480 |
|
| 700 | 1 |
_aCaudet, Francisco, _d1942-2021 _937104 |
|
| 830 | 0 | 0 |
_aBiblioteca del 36. _pRevistas en la Segunda República española _v2 _9177501 |
| 852 |
_aES-MaACL _jB-8393 |
||
| 999 |
_c6291 _d6291 |
||